Komunální technika/Komunálna technika odborný recenzovaný časopis pro komunální služby
Gespeichert in:
| Format: | Schriftenreihe |
|---|---|
| Sprache: | Tschechisch Slowakisch |
| Veröffentlicht: |
Praha
Profi Press
|
| Tags: |
Keine Tags, Fügen Sie das erste Tag hinzu!
|
MARC
| LEADER | 00000nas1a2200000 4500 | ||
|---|---|---|---|
| 001 | 0304388 | ||
| 005 | 20241008084706.5 | ||
| 022 | |a 1802-2391 | ||
| 041 | 0 | |a cze | |
| 041 | 0 | |a slo | |
| 044 | |a CZ | ||
| 245 | 1 | 0 | |a Komunální technika/Komunálna technika |b odborný recenzovaný časopis pro komunální služby |
| 264 | 1 | |a Praha |b Profi Press | |